000
00211 a2200097 4500
001
25934
100
_a
Langley M
245
_a
Carbon fibers in engineering
260
_a
_b
McGraw-Hill
_c
090
_c
17537
_d
17537
942
_a
NUST-CAE
_c
M
_c
8377
999
_c
261007
_d
261007